Vocabulaire anglais #1 (connecteurs logiques) - Statistiques

Statistiques générales
  • Ce quiz a été pris 130 fois
    74 depuis la dernière actualisation
  • Le résultat moyen est 7 sur 27
Statistiques - réponses
Hint Réponse % Correct
De plus (M...) Moreover
69%
Cependant However
60%
En effet Indeed
56%
Au passage (B...) By the way
52%
Par conséquent (S...) So
52%
Par conséquent (T...) Therefore
48%
De plus (F...) Furthermore
46%
D'autre part On the other hand
42%
De plus (I...) In addition
35%
D'une part On the one hand
33%
Peut-être Perhaps
33%
Sinon Otherwise
27%
Par exemple For instance
25%
Dans l'ensemble (O...) Overall
25%
Par ailleurs (B...) Besides
19%
De la même manière (L) Likewise
17%
De plus (A...) Additionaly
15%
Comme je l'ai déjà dit As I already said
15%
De la même manière (S) Similary
10%
Certes (A...) Admittedly
8%
En général As a rule
8%
Certes (G...) Granted
8%
Voilà pour ce qui est de So much for
4%
Pour illustrer mon propos a cas in point
2%
A l'inverse Conversly
2%
Au passage (I...) Incidentally
2%
Dans l'ensemble (O... ... ...) On the whole
2%
Aucun quiz correspondant
Distribution des résultats
% des personnes avec chaque résultat
Percentile par nombre de réponses
Votre historique - résultats
Vous n’avez pas pris ce quiz depuis la dernière actualisation